International Journal of Evidence Based Nursing And Practices (IJEBNP) (Record no. 1902)
[ view plain ]
| 000 -LEADER | |
|---|---|
| Fixed length control field | 00646nas a22002177a 4500 |
| 003 - CONTROL NUMBER IDENTIFIER | |
| Control field | IIN |
| 005 - DATE AND TIME OF LATEST TRANSACTION | |
| Control field | 20260529152141.0 |
| 008 - FIXED-LENGTH DATA ELEMENTS--GENERAL INFORMATION | |
| Fixed length control field | 260529c2023 |||gr|j| |||| 00| 0 eng d |
| 022 ## - INTERNATIONAL STANDARD SERIAL NUMBER / ISSN | |
| International Standard Serial Number | 3048-9431 |
| 022 ## - INTERNATIONAL STANDARD SERIAL NUMBER / ISSN | |
| International Standard Serial Number | 3048-9431 (eISSN) |
| 040 ## - CATALOGING SOURCE | |
| Original cataloging agency | IIN |
| 041 ## - LANGUAGE CODE | |
| Language code | eng |
| 245 ## - TITLE STATEMENT | |
| Title | International Journal of Evidence Based Nursing And Practices (IJEBNP) |
| Statement of responsibility | edited by J. Gnanadhinahari |
| 260 ## - IMPRINT | |
| Place of publication | Noida |
| Name of publisher | STM Journals |
| Date of publication | 2023 |
| 300 ## - PHYSICAL DESCRIPTION | |
| Page / Vol. No | Vol.1, no.1 (January-June, July-December)- |
| Other physical details | ill. |
| 310 ## - CURRENT PUBLICATION FREQUENCY | |
| Current publication frequency | Bi-annual |
| Date of current publication frequency | (January-June, July-December)- |
| 600 ## - SUBJECT ADDED ENTRY--PERSONAL NAME | |
| General subdivision | Nursing |
| 700 ## - ADDED ENTRY--PERSONAL NAME | |
| Personal name | Gnanadhinahari, J. |
| 856 ## - ELECTRONIC LOCATION AND ACCESS | |
| Uniform Resource Identifier | 10.37591/IJEBNP |
| 942 ## - ADDED ENTRY ELEMENTS (KOHA) | |
| Koha item type | Serials |
No items available.
